书目信息 |
| 题名: |
咸宁干校一千天
|
|
| 作者: | 杨静远 著 | |
| 分册: | ||
| 出版信息: | 武汉 长江文艺出版社 2000.01 |
|
| 页数: | 233页 | |
| 开本: | 32开 | |
| 丛书名: | ||
| 单 册: | ||
| 中图分类: | K825.4 | |
| 科图分类: | ||
| 主题词: | 人物--传记--中国 | |
| 电子资源: | ||
| ISBN: | 7-5354-1971-2 | |
| 000 | 00525nam0 2200181 45 | |
| 001 | 0010281660 | |
| 005 | 20041011083311.94 | |
| 010 | @a7-5354-1971-2@dCNY 11.00 | |
| 100 | @a20001028d2000 km y0chiy0120 ea | |
| 101 | 0 | @achi |
| 200 | 1 | @a咸宁干校一千天@AXian Ning Gan Xiao Yi Qian Tian@f杨静远著@FYang Jing Yuan Zhu |
| 210 | @a武汉@c长江文艺出版社@d2000.01 | |
| 215 | @a233页@d32开 | |
| 606 | 0 | @a人物@x传记@x中国 |
| 690 | @aK825.4@v3 | |
| 701 | 0 | @a杨静远@4著 |
| 801 | @aCN@bPftUser@c20041011 | |
| 905 | @b194992@dK825.4@eY915@f1 | |
| 咸宁干校一千天/杨静远著.-武汉:长江文艺出版社,2000.01 |
| 233页;32开 |
| ISBN 7-5354-1971-2:CNY 11.00 |
| ● |
| 相关链接 |
|
|
|
正题名:咸宁干校一千天
索取号:K825.4/Y915
 
预约/预借
| 序号 | 登录号 | 条形码 | 馆藏地/架位号 | 状态 | 备注 |
| 1 | 194992 | 201949927 | 社科库309/309社科库 50排1列5层/ [索取号:K825.4/Y915] | 在馆 | |
| 2 | 398889 | 203988890 | 社科库309/309社科库 50排1列5层/ [索取号:K825.4/Y915] | 在馆 | |
| 3 | 398890 | 203988907 | 社科库309/309社科库 50排1列5层/ [索取号:K825.4/Y915] | 在馆 | |
| 4 | 398891 | 203988916 | 社科库309/309社科库 50排1列5层/ [索取号:K825.4/Y915] | 在馆 |